000
00290nam a22001217a 4500
008
170907b xxu||||| |||| 00| 0 eng d
041
_a
eng
080
_a
721
100
_a
41
101
_a
NDI
245
_a
THE MAGNIFICENT BUILDERS AND THEIR DREAM HOUSES
_c
THORNDIKE,J,J
942
_2
udc
_c
BK
999
_c
26568
_d
26568